01607 a2200205 4500003000500000005001700005010001700022020002800039040000900067082001600076245006800092250001200160260004000172300003600212440004700248505095700295650003501252700002301287856009101310Nust20240119085832.0 a 2004057106 a0849318890 (alk. paper) cNust00a621.381,ELE04aThe electronics handbook /ceditor-in-chief, Jerry C. Whitaker. a2nd ed. aBoca Raton, FL :bCRC Press,c2005. axxvi, 2608 p. :bill. ;c26 cm. 4aThe Electrical engineering handbook series aFundamental Electrical Theory (Page-1), Properties of Materials and Components (Page-111), Properties of Passive Components (Page-239), Passive Electrical Circuit (Page-309), Electron Vacuum Devices (Page-353), Microwave Vacuum Devices (Page-475), Semiconductor Devices and Circuits (Page-529), Microelectronics (Page-707), Optoelectronics (Page-875), Power Supplies and Regulation (Page-1013), Packaging Electronic Systems (Page-1259), Communication Principles (Page-1353), Electromagnetic Radiation (Page-1483), Information Recording and Storage(page-1577), Wired Communications Systems (Page-1635), Wireless Communications Systems (Page-1667), Radar and Radio navigation (Page-1801), Control and Instrumentation Technology (Page-1915), Computer Systems (Page-2005), Signal Measurement, Analysis, and Testing (Page-2163), Reliability Engineering (Page-2257), Safety (Page-2317), Engineering Management, Standardization, and Regulation (Page-2343).t  0aTelecommunication Engineering.1 aWhitaker, Jerry C.423Publisher descriptionuhttp://www.loc.gov/catdir/enhancements/fy0646/2004057106-d.html